<?xml version="1.0" encoding="UTF-8"?>
<record
    xmlns:xsi="http://www.w3.org/2001/XMLSchema-instance"
    xsi:schemaLocation="http://www.loc.gov/MARC21/slim http://www.loc.gov/standards/marcxml/schema/MARC21slim.xsd"
    xmlns="http://www.loc.gov/MARC21/slim">

  <leader>00728nam a22001577a 4500</leader>
  <controlfield tag="003">OSt</controlfield>
  <controlfield tag="005">20160105112307.0</controlfield>
  <controlfield tag="008">160105b        xxu||||| |||| 00| 0 eng d</controlfield>
  <datafield tag="040" ind1=" " ind2=" ">
    <subfield code="c">RUA</subfield>
  </datafield>
  <datafield tag="082" ind1=" " ind2=" ">
    <subfield code="a">LMA PEN 2012 B317 Or.1</subfield>
  </datafield>
  <datafield tag="100" ind1=" " ind2=" ">
    <subfield code="9">6013</subfield>
    <subfield code="a">PEN, SOPANHA.</subfield>
  </datafield>
  <datafield tag="245" ind1=" " ind2=" ">
    <subfield code="a">Study on systematic land  registration process in cher teal svay chrum district svay rieng province, &#x179F;&#x17B7;&#x1780;&#x17D2;&#x179F;&#x17B6;&#x179B;&#x17BE;&#x178A;&#x17C6;&#x178E;&#x17BE;&#x179A;&#x1780;&#x17B6;&#x179A;&#x1785;&#x17BB;&#x17C7;&#x1794;&#x1789;&#x17D2;&#x1787;&#x17B8;&#x178A;&#x17B8;&#x1792;&#x17D2;&#x179B;&#x17B8;&#x1798;&#x17B6;&#x1793;&#x179B;&#x1780;&#x17D2;&#x1781;&#x178E;&#x17C8;&#x1787;&#x17B6;&#x1794;&#x17D2;&#x179A;&#x1796;&#x17D0;&#x1793;&#x17D2;&#x1792;&#x1793;&#x17C5;&#x1783;&#x17BB;&#x17C6;&#x179B;&#x17BE;&#x1791;&#x17B6;&#x179B; &#x179F;&#x17D2;&#x179A;&#x17BB;&#x1780;&#x179F;&#x17D2;&#x179C;&#x17B6;&#x1799;&#x1787;&#x17D2;&#x179A;&#x17BB;&#x17C6; &#x1781;&#x17C1;&#x178F;&#x17D2;&#x178F;&#x179F;&#x17D2;&#x179C;&#x17B6;&#x1799;&#x179A;&#x17C0;&#x1784;</subfield>
  </datafield>
  <datafield tag="260" ind1=" " ind2=" ">
    <subfield code="a">Phnom Penh</subfield>
    <subfield code="b">RUA</subfield>
    <subfield code="c">2012</subfield>
  </datafield>
  <datafield tag="300" ind1=" " ind2=" ">
    <subfield code="a">ix; 47p.</subfield>
    <subfield code="b">ill.</subfield>
    <subfield code="c">29cm.</subfield>
  </datafield>
  <datafield tag="942" ind1=" " ind2=" ">
    <subfield code="2">ddc</subfield>
    <subfield code="c">LMA</subfield>
  </datafield>
  <datafield tag="999" ind1=" " ind2=" ">
    <subfield code="c">5609</subfield>
    <subfield code="d">5609</subfield>
  </datafield>
  <datafield tag="952" ind1=" " ind2=" ">
    <subfield code="0">0</subfield>
    <subfield code="1">0</subfield>
    <subfield code="2">ddc</subfield>
    <subfield code="4">0</subfield>
    <subfield code="6">LMA_PEN_2012_000000000000000_B317_OR_1</subfield>
    <subfield code="7">0</subfield>
    <subfield code="9">30437</subfield>
    <subfield code="a">LBB</subfield>
    <subfield code="b">LBB</subfield>
    <subfield code="c"> 	B317</subfield>
    <subfield code="d">2016-01-05</subfield>
    <subfield code="o">LMA PEN 2012 B317 Or.1</subfield>
    <subfield code="p">RUA039305</subfield>
    <subfield code="r">2016-01-05</subfield>
    <subfield code="w">2016-01-05</subfield>
    <subfield code="y">LMA</subfield>
  </datafield>
  <datafield tag="952" ind1=" " ind2=" ">
    <subfield code="0">0</subfield>
    <subfield code="1">0</subfield>
    <subfield code="2">ddc</subfield>
    <subfield code="4">0</subfield>
    <subfield code="6">LMA_PEN_2012_000000000000000_B317_OR_2</subfield>
    <subfield code="7">0</subfield>
    <subfield code="9">30438</subfield>
    <subfield code="a">LBB</subfield>
    <subfield code="b">LBB</subfield>
    <subfield code="c"> 	B317</subfield>
    <subfield code="d">2016-01-05</subfield>
    <subfield code="o">LMA PEN 2012 B317 Or.2</subfield>
    <subfield code="p">RUA017255</subfield>
    <subfield code="r">2016-01-05</subfield>
    <subfield code="w">2016-01-05</subfield>
    <subfield code="y">LMA</subfield>
  </datafield>
  <datafield tag="952" ind1=" " ind2=" ">
    <subfield code="0">0</subfield>
    <subfield code="1">0</subfield>
    <subfield code="2">ddc</subfield>
    <subfield code="4">0</subfield>
    <subfield code="6">LMA_PEN_2012_000000000000000_B317_OR_3</subfield>
    <subfield code="7">0</subfield>
    <subfield code="9">30439</subfield>
    <subfield code="a">LBB</subfield>
    <subfield code="b">LBB</subfield>
    <subfield code="c"> 	B317</subfield>
    <subfield code="d">2016-01-05</subfield>
    <subfield code="o">LMA PEN 2012 B317 Or.3</subfield>
    <subfield code="p">RUA049232</subfield>
    <subfield code="r">2016-01-05</subfield>
    <subfield code="w">2016-01-05</subfield>
    <subfield code="y">LMA</subfield>
  </datafield>
  <datafield tag="952" ind1=" " ind2=" ">
    <subfield code="0">0</subfield>
    <subfield code="1">0</subfield>
    <subfield code="2">ddc</subfield>
    <subfield code="4">0</subfield>
    <subfield code="6">LMA_PEN_2012_000000000000000_B317_OR_4</subfield>
    <subfield code="7">0</subfield>
    <subfield code="9">30440</subfield>
    <subfield code="a">LBB</subfield>
    <subfield code="b">LBB</subfield>
    <subfield code="c"> 	B317</subfield>
    <subfield code="d">2016-01-05</subfield>
    <subfield code="l">1</subfield>
    <subfield code="o">LMA PEN 2012 B317 Or.4</subfield>
    <subfield code="p">RUA009419</subfield>
    <subfield code="r">2016-06-22</subfield>
    <subfield code="s">2016-06-14</subfield>
    <subfield code="w">2016-01-05</subfield>
    <subfield code="y">LMA</subfield>
  </datafield>
  <datafield tag="952" ind1=" " ind2=" ">
    <subfield code="0">0</subfield>
    <subfield code="1">0</subfield>
    <subfield code="2">ddc</subfield>
    <subfield code="4">0</subfield>
    <subfield code="6">LMA_PEN_2012_000000000000000_B317_OR_5</subfield>
    <subfield code="7">0</subfield>
    <subfield code="9">30441</subfield>
    <subfield code="a">LBB</subfield>
    <subfield code="b">LBB</subfield>
    <subfield code="c"> 	B317</subfield>
    <subfield code="d">2016-01-05</subfield>
    <subfield code="l">1</subfield>
    <subfield code="o">LMA PEN 2012 B317 Or.5</subfield>
    <subfield code="p">RUA017397</subfield>
    <subfield code="r">2025-06-21</subfield>
    <subfield code="s">2025-05-12</subfield>
    <subfield code="w">2016-01-05</subfield>
    <subfield code="y">LMA</subfield>
  </datafield>
  <datafield tag="952" ind1=" " ind2=" ">
    <subfield code="0">0</subfield>
    <subfield code="1">0</subfield>
    <subfield code="2">ddc</subfield>
    <subfield code="4">0</subfield>
    <subfield code="6">LMA_PEN_2012_000000000000000_B317_OR_6</subfield>
    <subfield code="7">0</subfield>
    <subfield code="9">30442</subfield>
    <subfield code="a">LBB</subfield>
    <subfield code="b">LBB</subfield>
    <subfield code="c"> 	B317</subfield>
    <subfield code="d">2016-01-05</subfield>
    <subfield code="o">LMA PEN 2012 B317 Or.6</subfield>
    <subfield code="p">RUA016805</subfield>
    <subfield code="r">2016-01-05</subfield>
    <subfield code="w">2016-01-05</subfield>
    <subfield code="y">LMA</subfield>
  </datafield>
  <datafield tag="952" ind1=" " ind2=" ">
    <subfield code="0">0</subfield>
    <subfield code="1">0</subfield>
    <subfield code="2">ddc</subfield>
    <subfield code="4">0</subfield>
    <subfield code="6">LMA_PEN_2012_000000000000000_B317_OR_7</subfield>
    <subfield code="7">0</subfield>
    <subfield code="9">36582</subfield>
    <subfield code="a">LBB</subfield>
    <subfield code="b">LBB</subfield>
    <subfield code="d">2016-01-27</subfield>
    <subfield code="l">3</subfield>
    <subfield code="o">LMA PEN 2012 B317 Or.7</subfield>
    <subfield code="p">RUA012075</subfield>
    <subfield code="r">2016-09-06</subfield>
    <subfield code="s">2016-07-30</subfield>
    <subfield code="w">2016-01-27</subfield>
    <subfield code="y">LMA</subfield>
  </datafield>
</record>
